=LDR 00000nam 2200000 4500 =001 INLIS000000000036232 =005 20140417153519.0 =006 =007 =008 Ind =035 ##$$a 0010-061300000036232 =041 ##$$a Ind =082 ##$$a 028.6 =090 ##$$a 028.6, Kan h =100 ##$$a Kanopi =245 ##$$a Happy ensiklopedi, amazon, Kanopi =260 ##$$a [S.a] $b Jakara =300 ##$$a 93 hlm, ilus, 28 cm =650 ##$$a Bacaan kanak-kanak =850 ##$$a NBPNMAT =990 ##$$a 21194752/BPAP-NTB/2014